000 00314nam a22001217a 4500
005 20251108175522.0
008 250721s1979 xx 000 0 eng d
100 1 _ahawang, kai
245 1 0 _aComputer Arithmetic ...... /
264 1 _anew york :
_bjohn wiley & sons,
_c1979.
942 _2ddc
_cBK
999 _c136031
_d136031